[Event "Almaty Open 2018"]
[Site "Almaty"]
[Date "2018.10.21"]
[Round "7"]
[White "Utegaliyev, Azamat"]
[Black "Saiyn, Zhanat"]
[Result "1/2-1/2"]
[WhiteElo "2517"]
[BlackElo "2370"]
[Annotator "TA"]
[PlyCount "108"]
[EventDate "2018.10.16"]
[EventType "swiss"]
[EventCountry "KAZ"]
[SourceTitle "playchess.com"]
[Source "ChessBase"]
[SourceQuality "1"]

{[%evp 13,108,0,18,8,18,14,14,-4,20,-2,-3,-10,43,16,16,14,16,16,25,9,9,0,12,12,12,12,27,16,16,15,22,20,38,21,24,20,16,17,17,21,33,18,16,11,56,64,59,52,55,52,64,86,86,88,87,95,114,89,133,134,164,154,129,89,103,59,56,14,193,18,313,389,198,140,135,0,0,0,0,0,0,0,0,0,0,-38,-34,-41,0,0,0,0,0,0,0,0,0]} 1. c4 c6 2. Nf3 d5 3. e3 Nf6 4. Nc3 g6 5. d4 Bg7 6. Qb3 O-O 7. Be2 b6 8. a4 {D95: Grünfeldindisch (Geschlossenes System)} a6 9. O-O e6 10. Qa3 $146 ({Vorgänger:} 10. Rd1 Nbd7 11. Qc2 Bb7 12. e4 dxc4 13. Bf4 Qe7 14. Bxc4 c5 15. d5 exd5 16. exd5 {1-0 (41) Gajewski,G (2630)-Handke,F (2525) Germany 2017}) 10... Nbd7 11. b4 a5 12. cxd5 cxd5 (12... axb4 $11 13. Qxb4 exd5) 13. Qb3 axb4 14. Qxb4 Ba6 15. Nb5 Qb8 16. Nd2 Rc8 17. Qb3 Ne8 18. Ba3 Bf8 19. Bxf8 Nxf8 20. Qb4 Bxb5 21. Bxb5 Qd6 22. Qb2 Rc7 23. Rfc1 Rac8 24. Rxc7 Qxc7 25. Rb1 Nd6 26. Ba6 Rb8 27. Bf1 Nd7 28. Rc1 $36 {[%mdl 2048] Weiss hat gut koordiniertes Spiel.} Qb7 (28... Qd8 {with more complications.} 29. Rc6 Nf5 30. Nf3 Rc8 31. Qc2 Ne7) 29. Qb4 Rc8 30. Rxc8+ Nxc8 31. a5 Qc7 32. a6 Nb8 33. h4 {[%cal Bh2h4,Bh4h5][%mdl 32]} Nc6 34. Qb1 Qd6 35. h5 Kg7 36. Nf3 Qb4 37. Qc2 N8a7 38. g3 Qd6 39. Qb2 b5 $1 40. e4 Ne7 $2 (40... gxh5 $11 {und Schwarz muss sich keine Sorgen machen.} 41. e5 Qb8) 41. Qa1 $2 (41. Bxb5 $18 {e5 ist eine echte Drohung.} dxe4 42. d5+ f6 43. h6+ $1 {[%mdl 512]} Kxh6 44. Qxf6 Nxd5 45. Qh4+ Kg7 46. Ng5) 41... dxe4 $2 {[%mdl 8192] [#]} (41... gxh5 $11 {und Schwarz steht sicher.} 42. Bd3 h6) 42. d5+ $1 $18 Kg8 (42... f6 {war angesagt.}) 43. Qd4 (43. h6 $18 {[%csl Gh6][%cal Ra1g7]} Nf5 44. Nd4 Nxh6 45. Nxb5) 43... Nac8 $16 44. a7 ({Günstiger ist} 44. dxe6 $16 Qxd4 45. Nxd4) 44... Nxa7 $1 $11 45. h6 {[%csl Gh6][%cal Rd4g7]} Nf5 46. Qxa7 {Droht dxe6 und aus.} exf3 47. dxe6 fxe6 48. Qa8+ Qf8 49. Qxf3 Nxh6 50. Qe3 Nf5 51. Qxe6+ {Die Stellung ist ausgeglichen.} Kg7 52. Qe5+ Qf6 53. Qxf6+ Kxf6 54. Bxb5 Ke5 {Precision: Weiß = 58%, Schwarz = 51%.} 1/2-1/2

[Event "Almaty Open 2018"]
[Site "Almaty"]
[Date "2018.10.21"]
[Round "7"]
[White "Hamitevici, Vladimir"]
[Black "Urazayev, Arystanbek"]
[Result "1/2-1/2"]
[WhiteElo "2505"]
[BlackElo "2321"]
[Annotator "TA"]
[PlyCount "82"]
[EventDate "2018.10.16"]
[EventType "swiss"]
[EventCountry "KAZ"]
[SourceTitle "playchess.com"]
[Source "ChessBase"]
[SourceQuality "1"]

{[%evp 15,82,10,20,8,19,0,20,-63,-55,-64,-48,-81,-32,-14,-19,-10,0,-49,-27,-83,-79,-70,0,0,0,0,14,12,140,140,137,63,200,200,248,230,243,254,259,258,231,231,252,165,175,68,68,69,68,12,18,-14,-12,-14,-14,-14,-14,-14,-12,-12,-11,-11,-8,-8,-8,-8,-8,-8,-8]} 1. b3 Nf6 2. Bb2 g6 3. g3 Bg7 4. Bg2 O-O 5. c4 d6 6. e3 e5 7. Ne2 Nbd7 8. Nbc3 Re8 {LiveBook: 6 Games. A21: English Opening: 1...e5 2 Nc3} 9. Qc2 (9. d4 e4 10. Qc2 Qe7 11. h3 h5 12. g4 hxg4 13. hxg4 Nxg4 14. Qxe4 Qxe4 15. Nxe4 Nc5 16. Nxc5 dxc5 17. Bc3 cxd4 18. Bxd4 {½-½ (52) Meijers,V (2458)-Haba,P (2547) Erbendorf 2009}) 9... c6 10. O-O a5 $146 ({Predecessor:} 10... h5 11. Rad1 a5 12. d4 Qe7 13. Ba3 e4 {1-0 (50) Ackermann,H (2296)-Van der Veen,J (2074) Germany 2013}) 11. f4 (11. d3 $11) 11... Nc5 $15 12. fxe5 dxe5 13. d4 exd4 14. exd4 Na6 15. h3 Qe7 16. Kh2 h5 17. Bc1 (17. Qd2 $11) 17... h4 $17 18. gxh4 Nh5 (18... Nb4 $15 19. Qd1 Nh5) 19. Bg5 $1 $11 {[%cal Rg5e7]} Qd6+ 20. Kh1 Bf5 21. Rxf5 gxf5 (21... Nb4 $1 $11 {keeps the balance.} 22. Qb1 gxf5 23. Qxf5 Qg6) 22. Qxf5 $16 Qg6 23. Rf1 ({Don't do} 23. Qxa5 $6 c5 $14) (23. Qf2 $1 $16) 23... Nb4 {[#]} (23... Bxd4 $14 24. Qxg6+ fxg6) 24. Qg4 $1 $18 Nxa2 25. Be4 ({But not} 25. Nxa2 $2 Rxe2 26. Nc1 Rb2 $17) 25... Rxe4 26. Nxe4 Re8 {[#]} 27. N4g3 $1 {[%cal Rg3h5]} Nxg3+ 28. Nxg3 Nc3 29. Nf5 Ne4 30. d5 (30. Kg2 $18) 30... cxd5 $14 31. cxd5 {And now d6! would win.} Bf8 32. d6 (32. Kg2 $14) 32... Bxd6 $11 {The position is equal.} 33. Nh6+ Kh7 {Strongly threatening ...Ng3+.} 34. Rxf7+ Qxf7 35. Nxf7 {Qf5+ would kill now.} Nf2+ 36. Kg2 {Intending Qf5+ and mate.} Nxg4 37. Nxd6 Re6 38. Nxb7 Ne3+ 39. Kf3 Nc2 {...Nd4+ is the strong threat.} 40. Nxa5 Rb6 41. Ke4 Na1 {Precision: White = 41%, Black = 52%.} 1/2-1/2

[Event "Almaty Open 2018"]
[Site "Almaty"]
[Date "2018.10.21"]
[Round "7"]
[White "Khegay, Dmitriy"]
[Black "Stupak, Kirill"]
[Result "1/2-1/2"]
[WhiteElo "2499"]
[BlackElo "2583"]
[Annotator "TA"]
[PlyCount "43"]
[EventDate "2018.10.16"]
[EventType "swiss"]
[EventCountry "KAZ"]
[SourceTitle "playchess.com"]
[Source "ChessBase"]
[SourceQuality "1"]

{[%evp 15,16,19,24]} 1. d4 Nf6 2. c4 e6 3. Nc3 d5 4. cxd5 Nxd5 5. e4 Nxc3 6. bxc3 c5 7. Nf3 cxd4 8. cxd4 Bb4+ {LiveBook: 1301 Games} {Predecessor:} 9. Bd2 $146 Bxd2+ 10. Qxd2 O-O 11. Bc4 Nd7 12. O-O b6 13. Rad1 Bb7 14. Rfe1 Rc8 15. Bb3 Re8 16. h3 Nf6 17. Qf4 Nh5 18. Qh2 h6 19. d5 exd5 20. e5 g6 21. Nd4 Ng7 22. Nb5 {½-½ (54) Mamedyarov,S (2820)-Ding,L (2804) Batumi 2018} 1/2-1/2

[Event "Almaty Open 2018"]
[Site "Almaty"]
[Date "2018.10.21"]
[Round "7"]
[White "Khusenkhojaev, Muhammad"]
[Black "Moisseyenko, Ilya"]
[Result "1-0"]
[WhiteElo "2443"]
[BlackElo "2300"]
[Annotator "TA"]
[PlyCount "45"]
[EventDate "2018.10.16"]
[EventType "swiss"]
[EventCountry "KAZ"]
[SourceTitle "playchess.com"]
[Source "ChessBase"]
[SourceQuality "1"]

{[%evp 10,45,38,10,41,53,65,25,29,41,60,64,69,57,72,31,41,16,18,18,131,128,137,131,134,131,677,525,715,712,964,973,29989,1192,6010,2054,29987,806]} 1. d4 Nf6 2. c4 c5 3. Nf3 cxd4 4. Nxd4 g6 5. Nc3 Bg7 6. g3 {LiveBook: 190 Games} a6 {A31: Symmetrical English: 2 Nf3 Nf6 3 d4} (6... Nc6 7. Bg2 Nxd4 8. Qxd4 O-O 9. O-O d6 10. Qd3 a6 11. Be3 Bf5 12. Qd2 Qd7 13. Rfd1 Bh3 14. Bh1 Rac8 15. c5 Ng4 16. cxd6 Nxe3 17. Qxe3 exd6 18. a4 Rfe8 19. Qd3 Bxc3 20. bxc3 b5 21. axb5 axb5 {½-½ (35) Gonda,L (2536)-Vorobiov,E (2561) Amantea 2018}) 7. Bg2 Qc7 8. Qd3 Nc6 $146 {White has an edge.} ({Predecessor:} 8... d6 9. O-O O-O 10. b3 Nbd7 11. Bb2 Nc5 12. Qd2 Bd7 13. Rac1 Bc6 14. Nxc6 bxc6 {1-0 (37) Baraeva,M (2009)-Abdumalik,Z (1400) Moscow 2009}) 9. b3 d5 10. Nxc6 ({Don't blunder} 10. cxd5 $2 Nxd4 11. Bb2 Nh5 $19) 10... bxc6 11. cxd5 cxd5 12. O-O Bf5 13. Nxd5 Nxd5 14. Qxd5 Rd8 (14... O-O $1 $11 15. Bf4 Qc2) 15. Bf4 $16 Qa7 16. Qc6+ Bd7 17. Rad1 $40 {[%mdl 128] White is out for blood.} e5 $2 {[%mdl 8192]} (17... Bxc6 $16 18. Bxc6+ {[#]} Rd7 $1 {[%mdl 512]}) 18. Bg5 f6 19. Be3 Qb8 {[#]} 20. Rxd7 $1 {[%mdl 512] White wants to mate with Qe6+.} Rxd7 21. Rd1 (21. Qe6+ $142 Kd8 22. Bb6+ Qxb6 23. Qxb6+ Ke7 24. Bc6 Rhd8 25. Bxd7 Rxd7 26. Qb4+ Ke8 27. Qc4) 21... Qd8 22. Bb6 (22. Bc5 $142 e4 23. Qe6+ Qe7 24. Bxe7 (24. Qxe7+ Rxe7 25. Bxe7 Kxe7 $18) 24... Rxe7 25. Qc8+ Kf7 26. Qc4+ Ke8 27. Bxe4) 22... Qe7 23. Qc8+ {Precision: White = 47%, Black = 29%.} (23. Bc5 $142 O-O 24. Rxd7 Qe8 25. Qb7 Qxd7 26. Qxd7 Rb8 27. Bd5+ Kh8 28. Bd6) 1-0

[Event "Almaty Open 2018"]
[Site "Almaty"]
[Date "2018.10.21"]
[Round "7"]
[White "Akhmetov, Ayan"]
[Black "Mezentsev, Ivan"]
[Result "1-0"]
[WhiteElo "2409"]
[BlackElo "2270"]
[Annotator "TA"]
[PlyCount "119"]
[EventDate "2018.10.16"]
[EventType "swiss"]
[EventCountry "KAZ"]
[SourceTitle "playchess.com"]
[Source "ChessBase"]
[SourceQuality "1"]

{[%evp 17,119,0,0,0,6,-4,0,0,0,0,14,-1,64,54,46,49,43,26,76,68,63,64,56,58,71,65,68,69,90,94,95,85,111,59,60,56,70,69,70,64,64,56,66,26,41,59,46,0,80,24,24,28,38,3,27,0,0,0,59,26,203,212,360,348,435,407,409,401,445,438,445,445,511,502,525,506,772,761,1498,1521,1488,1487,1291,988,1685,1336,12838,12839,12844,12843,12844,12845,12846,12847,12849,12847,12850,12847,12849,12846,12846,12847,12849,12846]} 1. e4 e5 2. Nf3 Nc6 3. d4 exd4 4. Nxd4 Nf6 5. Nxc6 bxc6 6. e5 Qe7 7. Qe2 Nd5 8. c4 Nb6 9. b3 a5 10. Ba3 {C45: Scotch Game} (10. g3 a4 11. Ba3 Qe6 12. Bg2 axb3 13. axb3 Bb4+ 14. Bxb4 Rxa1 15. O-O Bb7 16. Qb2 Ra7 17. Bc5 Ra5 {1-0 (34) Nepomniachtchi,I (2705)-Onischuk,A (2662) Moscow 2015}) 10... Qg5 11. Bxf8 Qc1+ 12. Qd1 {The position is equal.} Qxd1+ 13. Kxd1 Rxf8 14. Bd3 Ba6 {[#]} (14... a4 $11) 15. Nd2 $146 (15. Bxh7 g6 $11) ({Predecessor:} 15. Nc3 O-O-O 16. Kc2 d5 17. exd6 cxd6 {0-1 (45) Vovk,Y (2600)-Sarkar,J (2322) Fagernes 2018}) 15... f6 16. exf6 Rxf6 17. Re1+ Kd8 18. f3 Rh6 19. h3 $36 {[%mdl 2048] White has the initiative.} Nd5 20. Kc2 Nb4+ $1 21. Kc3 Nxd3 22. Kxd3 d5 23. Re5 Kd7 24. Rae1 Kd6 25. Kd4 (25. f4 $16) 25... c5+ $1 $14 26. Kc3 c6 27. Re7 Rg6 28. g4 {Hoping for h4.} Bc8 $1 29. Re8 {And now R1e7 would win.} Bb7 30. Rxa8 (30. R8e2 {seems wilder.} a4 31. h4 axb3 32. axb3 Rd8 33. Rd1) 30... Bxa8 {[%mdl 4096] Endgame KRB-KRN} 31. Re8 Bb7 32. Rg8 h5 (32... Rh6 $1 $11 {remains equal.}) 33. Kd3 ({White should try} 33. gxh5 $16 Rg5 34. Rh8) 33... hxg4 $11 34. hxg4 Kc7 35. Nf1 Bc8 36. Ne3 Be6 37. Ra8 d4 (37... Rf6 $11) 38. Nf1 {Black must now prevent Nd2.} Bc8 $2 {[#]} (38... Rf6 $11) 39. Nd2 $1 $18 ({Don't do} 39. Rxa5 $6 Kb6 $16) 39... Rf6 (39... Rh6 $142 40. Ra7+ (40. Rxa5 Kb6 $16) 40... Kb6 41. Rxg7 Rh3) 40. a3 ({Weaker is} 40. Rxa5 Kb6 $16) 40... Rh6 41. Rxa5 Kb6 42. b4 Rh3 43. Kc2 {White is clearly winning.} cxb4 44. axb4 Be6 45. Rg5 Bg8 46. Kd3 Rh2 (46... g6 $142 47. Kxd4 Bf7) 47. Rxg7 Bh7+ 48. Ne4 Bxe4+ 49. Kxe4 {KR-KR} Rd2 50. Rg6 Kc7 51. b5 cxb5 52. cxb5 Kd7 53. Rg7+ Ke6 54. b6 {[%cal Bb5b6,Bb6b7][%mdl 32]} Kf6 {[#]} 55. b7 $3 {[%mdl 512]} Rb2 56. Rd7 Rb4 57. f4 Ke6 58. Rh7 d3+ 59. Kxd3 Kd5 60. g5 {Precision: White = 49%, Black = 35%.} 1-0

[Event "Almaty Open 2018"]
[Site "Almaty"]
[Date "2018.10.21"]
[Round "7"]
[White "Kekelidze, Mikheil"]
[Black "Kostenko, Petr"]
[Result "0-1"]
[WhiteElo "2360"]
[BlackElo "2459"]
[Annotator "TA"]
[PlyCount "118"]
[EventDate "2018.10.16"]
[EventType "swiss"]
[EventCountry "KAZ"]
[SourceTitle "playchess.com"]
[Source "ChessBase"]
[SourceQuality "1"]

{[%evp 12,118,19,0,0,0,0,-4,1,-12,-9,-25,-8,-16,-4,-33,-19,-23,-23,-67,-62,-53,-32,-39,-25,-82,-81,-83,-76,-83,-28,-33,0,-43,0,-131,-89,-113,-101,-145,-141,-188,-164,-171,-57,-180,-124,-199,-165,-296,-314,-385,-303,-326,-310,-538,-424,-497,-511,-484,-467,-491,-514,-503,-498,-597,-568,-606,-563,-903,-838,-816,-817,-834,-819,-1017,-838,-768,-705,-867,-777,-1298,-1286,-1118,-1398,-1235,-1228,-1255,-1124,-1258,-1256,-29965,-6107,-2318,-3391,-3033,-2994,-2870,-2619,-29980,-29981,-29986,-29987,-29985,-29978,-29990,-29991,-29991,-582]} 1. d4 e6 2. Nf3 Nf6 3. e3 b6 4. Bd3 Bb7 5. O-O c5 6. b3 Nc6 7. a3 {LiveBook: 18 Games. A47: 1 d4 Nf6 2 Nf3 b6: Torre, London and Colle Systems} (7. Bb2 d5 8. Nbd2 Bd6 9. a3 O-O 10. Ne5 Qc7 11. f4 Ne7 12. Qe2 Ne4 13. Nxe4 dxe4 14. Bc4 Bd5 15. Bxd5 Nxd5 {0-1 (41) Cori Tello,J (2612)-Leiva,G (2404) Lima 2017}) 7... g6 8. dxc5 bxc5 9. Bb2 {The position is equal.} Bg7 10. Nbd2 O-O 11. c4 $146 ({Predecessor:} 11. e4 d5 12. e5 Nd7 13. Qe2 Qc7 14. Rfe1 d4 15. Nc4 Ba6 16. b4 Bxc4 17. Bxc4 Ncxe5 18. bxc5 Nxf3+ 19. Qxf3 {½-½ (56) Soshnikov,M (2255)-Dordzhieva,D (2088) Elista 2014}) 11... Qe7 12. Qc2 a5 13. Rfd1 Nh5 14. Bxg7 Nxg7 15. Bf1 f5 16. g3 g5 17. Bg2 d6 18. h4 (18. Ne1 $11 {keeps the balance.}) 18... h6 $1 $17 19. hxg5 hxg5 20. Nb1 g4 ({Black should play} 20... Ne8 $17) 21. Nh4 $11 Rf6 22. Nc3 Rd8 23. Ne2 (23. Nb5 $11 {remains equal.}) 23... Rh6 24. Qc3 Kf7 25. Nf4 Ne5 26. Kf1 Bxg2+ 27. Nfxg2 {[#]} Qc7 (27... Nh5 $1 $19 28. Qxa5 Nf6) 28. Ke2 {[#]} (28. e4 $15) 28... Ne8 (28... Nh5 $1 $19 29. e4 fxe4) 29. b4 (29. e4 $17 fxe4 30. Qe3) 29... Nf6 {Threatens to win with ...axb4.} 30. bxc5 (30. b5 {is a better defense.}) 30... Ne4 $19 ({Don't play} 30... Qxc5 31. Qd4 $19) 31. Qd4 Qxc5 32. Rab1 Qxa3 33. Rb7+ $2 (33. Rdc1 {keeps fighting.}) 33... Kf6 34. Nf4 Qa2+ 35. Rb2 Qxc4+ 36. Qxc4 Nxc4 37. Rc2 Rc8 38. Rb1 Rhh8 39. Rb7 Ne5 40. Rcb2 a4 41. Ra7 Rb8 42. Rxb8 Rxb8 43. Nh5+ Kg5 44. Nf4 Nc5 45. Rg7+ Kh6 46. Re7 Rb2+ 47. Kf1 Nf3 {( -> ...Rb1+)} 48. Kg2 Nxh4+ 49. gxh4 {[%mdl 4096] Endgame KRN-KRN} e5 {[%cal Be6e5,Be5f4][%mdl 32]} 50. Ne6 a3 {[%cal Ba4a3,Ba3a2][%mdl 32]} 51. Nd8 a2 52. Ra7 f4 53. Nf7+ Kg6 54. exf4 exf4 55. Nxd6 g3 {Black mates.} 56. Nc4 Rxf2+ 57. Kh3 Kf5 {[%csl Gg3][%cal Rf2h2]} 58. Rf7+ Ke6 59. Ra7 Rh2+ {Precision: White = 27%, Black = 69%.} 0-1

[Event "Almaty Open 2018"]
[Site "Almaty"]
[Date "2018.10.21"]
[Round "7"]
[White "Daurimbetov, A."]
[Black "Suleymenov, Alisher"]
[Result "0-1"]
[WhiteElo "2282"]
[BlackElo "2331"]
[Annotator "TA"]
[PlyCount "124"]
[EventDate "2018.10.16"]
[EventType "swiss"]
[EventCountry "KAZ"]
[SourceTitle "playchess.com"]
[Source "ChessBase"]
[SourceQuality "1"]

{[%evp 22,124,20,-11,-10,-19,-1,-4,0,0,0,0,0,0,0,0,9,0,24,0,0,0,0,0,0,-136,-32,-43,-44,-34,-31,-28,-31,-51,0,-38,-53,-83,-73,-72,-75,-71,-62,-73,-38,-92,-51,-96,0,-96,-90,-108,-95,-92,-38,-128,-128,-107,-122,-183,-185,-170,-112,-89,-79,-80,-80,-80,-66,-66,-70,-69,-41,-36,-45,-47,-37,-56,-43,-156,-161,-159,-168,-333,-325,-567,-512,-895,-912,-912,-912,-912,-911,-883,-875,-837,-771,-714,-669,-1530,-1237,-1076,-969,-947,-784]} 1. e4 c5 2. Nf3 Nc6 3. g3 Nf6 4. d3 g6 5. Bg2 Bg7 6. O-O d5 7. Nbd2 O-O 8. Re1 e6 9. c3 a5 10. a4 {A08: King's Indian Attack} b6 11. exd5 (11. Nb1 Ba6 12. e5 Nd7 13. Bf4 f6 14. exf6 Qxf6 15. Qd2 e5 16. Bg5 Qxf3 17. Bxf3 Rxf3 {1-0 (34) Amin,B (2661)-Grandelius,N (2641) Baku 2016}) 11... exd5 12. Nf1 {LiveBook: 13 Games. The position is equal.} Be6 13. d4 Ne4 14. Be3 $146 ({Predecessor:} 14. Ne5 Nxe5 15. dxe5 Bxe5 16. f3 Nxc3 17. bxc3 Bxc3 {½-½ (25) Sanduleac,V (2396)-Aitbayev,A (2425) Tromsoe 2014}) 14... Qd7 15. N1d2 cxd4 16. Nxd4 Nxd4 17. Bxd4 Bxd4 18. cxd4 Nd6 19. Nf3 f6 20. Re2 Bf7 21. Ne5 fxe5 22. dxe5 Rae8 {aiming for ...Nf5.} 23. Bxd5 (23. exd6 $11 Rxe2 24. Qxe2) 23... Nf5 {[#]} (23... Bxd5 $17 24. Qxd5+ Qe6) 24. e6 $1 $15 {[%cal Re6d7][%mdl 512]} Rxe6 (24... Bxe6 25. Bxe6+) 25. Bxe6 Bxe6 26. Qxd7 Bxd7 27. Rd2 Be6 ({Better is} 27... Bc6 $15) 28. f4 Rc8 29. Re1 Kf7 30. Re4 h5 31. b4 Rc1+ 32. Kf2 Nh6 {Strongly threatening ...Ng4+.} 33. bxa5 (33. Rd6 $15 Ng4+ 34. Ke2) 33... Ng4+ 34. Ke2 Bc4+ (34... bxa5 $17 35. Rb2 Rc7) 35. Kf3 (35. Rxc4 $1 $11 Rxc4 36. axb6 Rxa4 37. Rb2) 35... bxa5 $17 36. h3 Nf6 37. Re5 Be6 (37... Rc3+ $17 38. Re3 Bd5+ 39. Ke2 Rc4) 38. Rb2 (38. Rd3 $15) 38... Rc3+ ({Don't take} 38... Bxh3 39. Rb7+ Nd7 40. Rxa5 $15) 39. Kf2 Bd5 40. Re3 (40. Rd2 $17 Ne4+ 41. Ke1) 40... Ne4+ $19 41. Ke2 Rc1 (41... Nxg3+ $19 42. Kd2 Rxe3 43. Kxe3 Bc6) 42. Kd3 $17 Nf6 43. Rb6 Ra1 44. Ra6 Rxa4 45. Ra7+ Kf8 46. Re5 Ra3+ 47. Kd4 Bf7 48. Ree7 Be8 49. Re6 Ra4+ 50. Ke5 {[#]} (50. Ke3 $15 Nd5+ 51. Kf3) 50... Nd7+ $1 51. Kd5 {[#]} Rb4 $1 {Threatens to win with ...Bf7.} 52. Rxa5 $2 (52. Re3) 52... Bf7 $19 53. Ra8+ $2 (53. Raa6) 53... Kg7 {Black is clearly winning.} 54. Ra7 (54. Raa6 $142) 54... Rb6 55. Rxd7 Rxe6 {[%mdl 4096] Endgame KRB-KR} 56. Kd4 Re1 {White must now prevent ...Rd1+.} 57. Ra7 Rh1 58. h4 Rg1 59. Ra3 Kf6 60. Ra6+ Be6 61. Ra3 Rb1 62. Ra5 Rb3 {Precision: White = 44%, Black = 68%.} 0-1

[Event "Almaty Open 2018"]
[Site "Almaty"]
[Date "2018.10.21"]
[Round "7"]
[White "Primbetov, Kazbek"]
[Black "Askarov, Bakhtiyar"]
[Result "1/2-1/2"]
[WhiteElo "2251"]
[BlackElo "2428"]
[Annotator "TA"]
[PlyCount "144"]
[EventDate "2018.10.16"]
[EventType "swiss"]
[EventCountry "KAZ"]
[SourceTitle "playchess.com"]
[Source "ChessBase"]
[SourceQuality "1"]

{[%evp 19,144,28,35,0,0,0,19,17,17,0,29,28,43,41,43,30,24,17,27,9,49,51,54,54,66,66,264,270,284,279,207,159,159,69,165,158,164,179,150,85,94,85,54,4,7,17,0,-144,-153,-185,-195,-196,-149,-233,-243,-341,-342,-329,-333,-337,-309,-318,-143,-133,-28,-37,-26,-33,-33,-146,-10,-109,-91,-144,-137,-168,-151,-217,-129,-135,0,-182,0,0,0,0,0,0,0,0,0,0,0,0,0,0,0,0,0,0,0,0,0,0,0,0,0,0,0,0,0,0,0,0,0,0,0,0,0,0,0,0,0,0,0,0,0]} 1. e4 c5 2. Nf3 g6 3. d4 cxd4 4. c3 Bg7 5. cxd4 d5 6. exd5 Nf6 7. Bb5+ Bd7 8. Bc4 {B27: Sizilianisch (Frühes Fianchetto)} O-O 9. O-O (9. Nc3 Bg4 10. h3 Bxf3 11. Qxf3 Nbd7 12. O-O Nb6 13. Bb3 Ne8 14. Rd1 Nd6 15. Bf4 a5 {½-½ (85) Golubev,M (2527)-Wojtkiewicz,A (2564) playchess.com INT 2004}) 9... Bf5 10. Nc3 Nbd7 {LiveBook: 3 Partien} 11. Bg5 Nb6 12. Bxf6 Bxf6 13. Bb3 Bg4 14. Re1 Bxf3 15. Qxf3 Bxd4 16. Rad1 {[%cal Ba1d1,Bd1d4,Bd4e4,Be4e5][%mdl 32]} Bxc3 17. Qxc3 Qd6 $146 18. Qe3 $36 {[%mdl 2048] Weiss steht aktiver.} Rfe8 19. Rd4 Rad8 20. h4 {[%cal Bh2h4,Bh4h5,Bh5h6][%mdl 32]} Qf6 21. h5 Rd6 22. h6 Qf5 $2 (22... Kf8 $14) 23. Re4 $18 Nc8 24. g4 $1 {[%cal Rg4f5]} Qf6 25. Re5 Qh4 26. Bd1 (26. g5 $1 $16 f5 27. gxf6 Qxf6 28. Rc1) 26... Red8 ({Besser ist} 26... Rb6 $14) 27. Bf3 Qh3 28. g5 f6 29. gxf6 (29. Qe4 $142) 29... Rxf6 $16 {[#]} 30. Bg2 $1 {[%cal Rg2h3]} Qxe3 31. R1xe3 (31. R5xe3 {looks sharper.} Kf8 32. Bh3 Nd6 33. Rxe7 Re8 34. R7e6) 31... Kf8 $1 32. Bh3 {Droht Lxc8 und aus.} Nb6 33. Be6 (33. Rd3 $11 {hält das Gleichgewicht.}) 33... Nc4 $17 34. Kg2 Nxe5 35. Rxe5 $19 {[%mdl 4096] Endspiel KTT-KTL} Rd6 36. b3 (36. Kg3 $17) 36... Ra6 37. Kg3 (37. a4 {kämpft weiter.}) 37... Rxa2 38. f4 Rc2 39. Re4 Rc3+ 40. Kg4 b5 (40... Ke8 $19 {ist viel giftiger. ...Kd8 ist eine echte Drohung.} 41. Ra4 a6) 41. Re1 $17 Rc7 ({Vergiftet wäre} 41... Rxb3 $2 42. Rc1 $18) (41... a5 $17 {Und weiter mit ...b4 wäre nett.} 42. Ra1 a4 43. bxa4 Rc4 44. axb5 Rfxf4+ 45. Kg3 Ra4) 42. Ra1 $11 Ke8 43. Ra5 $1 Rb7 {zielt auf ...Kd8 ab.} 44. Kg5 ({Lieber} 44. Bc8 $1 $15 Rbb6 45. Rxa7) 44... Rf8 (44... Kd8 $17 {Und ...Kc7 würde nun gewinnen.} 45. b4 Kc7) 45. Ra6 {[#]} (45. Bc8 $1 $11 Rb8 46. Be6) 45... Kd8 $1 $17 46. Rc6 (46. b4 $142) 46... Rc7 47. Ra6 Rf6 48. Ra5 (48. Kg4 $17 {war angesagt.}) 48... Rb7 (48... Rc1 $19 49. Rxa7 Rg1+ 50. Kh4 Rxf4+ 51. Kh3 Rf3+ 52. Kh2 Rb1 53. Rd7+ Kc8) 49. Ra6 Rc7 50. Ra5 Rxe6 $2 (50... Rc1 $19 51. Rxa7 Rg1+ 52. Kh4 Rxf4+ 53. Kh3 Rf3+ 54. Kh2 Rb1 55. Rd7+ Kc8) 51. dxe6 $19 {KT-KT. Die Stellung ist ausgeglichen.} Rc5+ 52. Kg4 Kc7 {Droht stark ...Kb6.} 53. Rxa7+ Kd6 54. Ra6+ Rc6 55. Ra8 Kxe6 56. Rh8 Kf6 57. Rxh7 Rc8 58. b4 Rd8 59. Kf3 Rg8 60. Ke3 Rc8 61. Kf3 Ke6 62. Kg4 Kf6 63. Kf3 Rg8 64. Ke3 Rc8 65. Kf3 Ra8 66. Kg4 Rd8 67. Kf3 Rd3+ 68. Kg4 {Schwarz muss nun Th8 beachten.} Rd8 69. Kf3 Ra8 70. Kg4 Rg8 71. Kh4 Ra8 72. Kg4 Rd8 {Precision: Weiß = 57%, Schwarz = 57%.} 1/2-1/2

[Event "Almaty Open 2018"]
[Site "Almaty"]
[Date "2018.10.22"]
[Round "8"]
[White "Stupak, Kirill"]
[Black "Burmakin, Vladimir"]
[Result "1/2-1/2"]
[WhiteElo "2583"]
[BlackElo "2523"]
[Annotator "TA"]
[PlyCount "32"]
[EventDate "2018.10.16"]
[EventType "swiss"]
[EventCountry "KAZ"]
[SourceTitle "playchess.com"]
[Source "ChessBase"]
[SourceQuality "1"]

{[%evp 19,21,0,13,-2]} 1. d4 Nf6 2. c4 c6 3. Nf3 d5 4. g3 g6 5. Bg2 Bg7 6. O-O O-O 7. Qb3 Qb6 8. Nc3 Rd8 9. Rd1 {D78: Fianchetto Grünfeld: 6 0-0 c6} (9. Bd2 Bf5 10. Qa3 e6 11. e4 Nxe4 12. Nxe4 dxe4 13. Ba5 Qa6 14. Bxd8 Qxa3 15. bxa3 exf3 16. Bxf3 Nd7 17. Bg5 Bxd4 18. Rad1 e5 19. Rfe1 Nc5 20. Bf6 Nd7 21. Rxd4 exd4 22. Bxd4 {½-½ (22) Mamedyarov,S (2808)-Vachier Lagrave,M (2789) Leuven 2018}) 9... Bf5 10. Ne1 Be6 {LiveBook: 9 Games} 11. c5 {Predecessor:} Qxb3 $146 12. axb3 Na6 13. Ra4 Bf5 14. Bf4 Nd7 15. Bg5 Kf8 16. Rda1 h6 {0-1 (62) Maghsoodloo,P (2577)-Wang,H (2680) Chengdu 2017} 1/2-1/2